Formalizmy pre reprezentáciu poznatkov

Na minha lista:
Detalhes bibliográficos
Autor principal: Harach, Ľubomír (Author)
Formato: Livro
Idioma:eslovaco
Publicado em: Bratislava : SVŠT v Bratislave, 1984
Tags: Adicionar Tag
Sem tags, seja o primeiro a adicionar uma tag!

MARC

LEADER 00000nam a22000003a 4500
001 stu290425
005 20150617230259.1
008 140603s--------cs------------------slo-d
040 |a STU  |b slo 
041 0 |a slo 
044 |a cs 
100 1 |a Harach, Ľubomír  |4 aut 
245 1 |a Formalizmy pre reprezentáciu poznatkov 
260 |a Bratislava :  |b SVŠT v Bratislave,  |c 1984 
300 |a 88 s 
996 |b I10107  |l II680  |s A  |a 24  |w stu290425_0001